ID Y EVANGELIZAD A LOS BAUTIZADOS/

BIBLIOGRAFIA

Bewaard in:
Bibliografische gegevens
Hoofdauteur: Prado Flores, José H. (autor)
Formaat: Boek
Onderwerpen:
Tags: Voeg label toe
Geen labels, Wees de eerste die dit record labelt!

MARC

LEADER 00000nam^a2200000^a^4500
001 000224086
005 20250521000000.0
009 20260310104037.899
035 |a 042660 
037 |a Acervo Xavier Clavigero 
082 |a 234. 161  |b PRA 
100 |a Prado Flores, José H.  |e (autor) 
245 1 0 |a ID Y EVANGELIZAD A LOS BAUTIZADOS/  |c JOSE H. PRADO FLORES 
264 |a MEXICO :  |b KERYGMA 
300 |a 119p. 
336 |a texto  |b txt  |2 rdacontenido 
337 |a sin mediación  |b n  |2 rdamedio 
338 |a volumen  |b nc  |2 rdasoporte 
520 |a BIBLIOGRAFIA 
649 |a XX 
650 |a Bautismo 
650 |a Evangelización 
910 |a Fondo General 
920 |a Impresos - Libros 
930 |a Colección General 
905 |a 101 
901 |a 042660  |b IT1  |c ACC  |i 042660  |u 20250521 
902 |a https://opac.biblio.iteso.mx/vufind/Record/000224086